|
|
|
|
| LEADER |
00000naa a2200000uu 4500 |
| 001 |
vtls011084770 |
| 003 |
SK-MaSNL |
| 005 |
20260302105033.0 |
| 008 |
210905|1996 xo |||||||||||||||||slo| |
| 015 |
|
|
|a SNBRA
|
| 035 |
|
|
|a (urnnbn)urn:nbn:sk:snk:ar-a0clhl
|
| 035 |
|
|
|a (uuid)18ee9c76-88b0-4bb4-a296-139f8d46313e
|
| 035 |
|
|
|a urn:nbn:sk:snk-aavrdr
|
| 040 |
|
|
|a SNKBUCL
|b slo
|c SNKBUCL
|e AACR2
|
| 041 |
0 |
|
|a slo
|
| 044 |
|
|
|a xo
|c SK
|
| 100 |
1 |
|
|a Malgot, Jozef,
|d 1937-
|4 aut
|9 8448
|
| 245 |
1 |
0 |
|a SVAHOVÉ DEFORMÁCIE A ICH VZÁJOMNÁ PODMIENENOSŤ V RÔZNYCH GEOLOGICKÝCH ŠTRUKTÚRACH SLOVENSKA
|c Jozef Malgot, František Baliak
|
| 246 |
3 |
|
|a SLOPE DEFORMATIONS AND THEIR RELATIONSHIPS TO THE VARIOUS GEOLOGICAL STRUCTURES OF SLOVAKIA
|
| 700 |
1 |
|
|a Baliak, František,
|d 1942-
|4 aut
|9 106515
|
| 773 |
0 |
|
|t Výskum, prieskum a sanácia zosuvných území na Slovensku
|d Bratislava : Slovenská asociácia inžinierskych geológov, 1996
|g S. 7-13
|z 8096760300
|
| 958 |
|
|
|a OND
|
| 958 |
|
|
|a article12
|
| 958 |
|
|
|a chapter
|
| 999 |
|
|
|c 1237194
|d 1239124
|